Probabilidad y aplicaciones estadísticas

Saved in:
Bibliografiske detaljer
Hovedforfatter: Meyer, Paul L. (autor)
Format: Bog
Sprog:spansk
Udgivet: Ciudad de México Fondo Educativo Interamericano 1973
Fag:
Tags: Tilføj Tag
Ingen Tags, Vær først til at tagge denne postø!

MARC

LEADER 00000nam a2200000 a 4500
001 UCV3991
003 CL-VaPUC
008 881230e19730000MX |||||||||||||||||spa|d
082 0 4 |a 519.2  |b MEY  |2 21 
100 |a Meyer, Paul L.  |e autor  |9 423239 
245 1 0 |a Probabilidad y aplicaciones estadísticas 
300 |a 372 p 
942 |c BK 
945 |d 19881230 00:00:00  |a mfernand 
260 |a Ciudad de México  |b Fondo Educativo Interamericano  |c 1973 
650 0 |a Probabilidades   |9 260199 
650 0 |a Estadística matemática  |9 260028 
583 |a last modification  |c 20160104 00:43:59  |k Rodrigo Vera 
999 |c 211059  |d 211057 
952 |0 0  |1 0  |4 0  |6 519_200000000000000_MEY_1973  |7 0  |8 A  |9 188679  |a BIBING  |b BIBING  |d 2019-11-14  |i 2562294  |o 519.2 MEY 1973  |p 2562294  |r 2025-01-20  |w 2019-11-14  |y BK  |k EII 
952 |0 0  |1 0  |4 0  |6 519_200000000000000_MEY_1973  |7 0  |8 A  |9 188681  |a BIBING  |b BIBING  |d 2019-11-14  |i 2562316  |o 519.2 MEY 1973  |p 2562316  |r 2025-01-20  |w 2019-11-14  |y BK  |k EII 
952 |0 0  |1 0  |2 ddc  |4 0  |6 519_200000000000000_MEY_1973  |7 0  |8 CCM  |9 188684  |a BIBCUR  |b BIBCUR  |c PAC  |d 2019-11-14  |i 303920K  |o 519.2 MEY 1973  |p 303920K  |r 2025-04-22  |w 2019-11-14  |y BK  |k CIM 
952 |0 0  |1 1  |2 ddc  |4 0  |6 519_200000000000000_MEY_1973  |7 0  |8 A  |9 188689  |a BIBAGR  |b BIBAGR  |d 2019-11-14  |i 3355489  |o 519.2 MEY 1973  |p 3355489  |r 2019-11-14  |w 2019-11-14  |y BK  |k AGR 
952 |0 0  |1 0  |4 0  |6 519_200000000000000_MEY_1973  |7 0  |8 A  |9 188690  |a BIBGIM  |b BIBGIM  |d 2019-11-14  |i 1946978  |o 519.2 MEY 1973  |p 1946978  |r 2025-01-15  |w 2019-11-14  |y BK  |k COM 
952 |0 0  |1 0  |4 0  |6 519_200000000000000_MEY_1973  |7 0  |8 A  |9 188691  |a BIBGIM  |b BIBGIM  |d 2019-11-14  |i 1947028  |o 519.2 MEY 1973  |p 1947028  |r 2025-01-15  |w 2019-11-14  |y BK  |k COM 
952 |0 0  |1 0  |4 0  |6 519_200000000000000_MEY_1973  |7 0  |8 A  |9 188692  |a BIBGIM  |b BIBGIM  |d 2019-11-14  |i 1947079  |o 519.2 MEY 1973  |p 1947079  |r 2025-01-15  |w 2019-11-14  |y BK  |k COM 
952 |0 0  |1 0  |4 0  |6 519_200000000000000_MEY_1973  |7 0  |8 A  |9 188693  |a BIBGIM  |b BIBGIM  |d 2019-11-14  |i 1947125  |o 519.2 MEY 1973  |p 1947125  |r 2025-01-15  |w 2019-11-14  |y BK  |k COM 
952 |0 0  |1 0  |4 0  |6 519_200000000000000_MEY_1973  |7 0  |8 A  |9 188694  |a BIBGIM  |b BIBGIM  |d 2019-11-14  |i 1947176  |o 519.2 MEY 1973  |p 1947176  |r 2025-01-15  |w 2019-11-14  |y BK  |k COM 
952 |0 0  |1 0  |4 0  |6 519_200000000000000_MEY_1973  |7 0  |8 A  |9 188696  |a BIBENE  |b BIBENE  |d 2019-11-14  |i 1402137  |o 519.2 MEY 1973  |p 1402137  |r 2025-01-15  |w 2019-11-14  |y BK  |k ICO 
952 |0 0  |1 0  |4 0  |6 519_200000000000000_MEY_1973  |7 0  |8 A  |9 188697  |a BIBGIM  |b BIBGIM  |d 2019-11-14  |i 1404741  |o 519.2 MEY 1973  |p 1404741  |r 2025-01-15  |w 2019-11-14  |y BK  |k COM 
952 |0 0  |1 0  |4 0  |6 519_200000000000000_MEY_1973  |7 0  |8 A  |9 188698  |a BIBGIM  |b BIBGIM  |d 2019-11-14  |i 1408984  |o 519.2 MEY 1973  |p 1408984  |r 2025-01-15  |w 2019-11-14  |y BK  |k COM 
952 |0 0  |1 0  |2 ddc  |4 0  |6 519_200000000000000_MEY_1973  |7 0  |8 A  |9 188699  |a BIBMAT  |b BIBMAT  |d 2019-11-14  |i 130982K  |o 519.2 MEY 1973  |p 130982K  |r 2025-01-07  |w 2019-11-14  |y BK  |k MAT 
952 |0 0  |1 0  |4 0  |6 519_200000000000000_MEY_1973  |7 0  |8 A  |9 188701  |a BIBMEC  |b BIBMEC  |d 2019-11-14  |i 1325922  |o 519.2 MEY 1973  |p 1325922  |r 2019-11-14  |w 2019-11-14  |y BK  |k MEC